| 000 | 00368nam a2200169Ia 4500 | ||
|---|---|---|---|
| 100 | _aKaiser/Gerald | ||
| 650 | _aWavelets | ||
| 942 | _cBK | ||
| 366 | _f20 | ||
| 654 | _awavelets | ||
| 245 | _aFriendly guide to Wavelets | ||
| 260 |
_bSpringer International _aNew Delhi _c1994 |
||
| 082 |
_a515.723/KAI _bKAI |
||
| 300 | _a300 | ||
| 546 | _aENGLISH | ||
| 999 |
_c29652 _d29652 |
||